Nuevo enfoque sobre el desarrollo político de Puerto Rico / (Record no. 173366)
[ view plain ]
| 000 -LEADER | |
|---|---|
| campo de control de longitud fija | 00623nam a2200193 i 4500 |
| 001 - NÚMERO DE CONTROL | |
| campo de control | 173366 |
| 003 - IDENTIFICADOR DE NÚMERO DE CONTROL | |
| campo de control | ES-MaACL |
| 005 - FECHA Y HORA DE LA ÚLTIMA TRANSACCIÓN | |
| campo de control | 20230906215225.0 |
| 008 - DATOS DE LONGITUD FIJA--INFORMACIÓN GENERAL | |
| campo de control de longitud fija | 091127s1980 sp |||| | spa d |
| 080 ## - NÚMERO DE LA CLASIFICACIÓN DECIMAL UNIVERSAL | |
| Número de la Clasificación Decimal Universal | 972.95"18/19"(04) |
| 080 ## - NÚMERO DE LA CLASIFICACIÓN DECIMAL UNIVERSAL | |
| Número de la Clasificación Decimal Universal | 32(729.5)"18/19" |
| 100 1# - ENTRADA PRINCIPAL--NOMBRE DE PERSONA | |
| Nombre de persona | Sánchez Tarniella, Andrés. |
| 9 (RLIN) | 102946 |
| 245 10 - MENCIÓN DEL TÍTULO | |
| Título | Nuevo enfoque sobre el desarrollo político de Puerto Rico / |
| Mención de responsabilidad, etc. | Andrés Sánchez Tarnella. |
| 250 ## - MENCION DE EDICION | |
| Mención de edición | 4ª ed. rev. |
| 260 ## - PUBLICACIÓN, DISTRIBUCIÓN, ETC. | |
| Lugar de publicación, distribución, etc. | Río Piedras, Puerto Rico : |
| Nombre del editor, distribuidor, etc. | Bayoán, |
| Fecha de publicación, distribución, etc. | 1980. |
| 300 ## - DESCRIPCIÓN FÍSICA | |
| Extensión | 189 p. ; |
| Dimensiones | 21 cm. |
| 651 ## - PUNTO DE ACCESO ADICIONAL DE MATERIA--NOMBRE GEOGRÁFICO | |
| Nombre geográfico | Puerto Rico- |
| Subdivisión general | Política y gobierno. |
| 9 (RLIN) | 9287 |
| 852 ## - LOCALIZACIÓN | |
| Ubicación | ES-MaACL |
| Número de control de estantería | C-57030 |
| Estatus retirado | Estado de pérdida | Estado de daño | No para préstamo | Biblioteca de origen | Biblioteca actual | Ubicación en estantería | Fecha de adquisición | Fuente de adquisición | Total de préstamos | Signatura topográfica completa | Código de barras | Visto por última vez | Precio de reemplazo | Tipo de ítem Koha |
|---|---|---|---|---|---|---|---|---|---|---|---|---|---|---|
| Biblioteca del Ateneo de Madrid | Biblioteca del Ateneo de Madrid | Depósito 2 | 27/11/2009 | C-57030 | 1181943 | 23/02/2023 | 23/02/2023 | Libro impreso |
